| 000 | 00634cam a2200229I 4500 | ||
|---|---|---|---|
| 001 | 22451 | ||
| 003 | BD-RjUL | ||
| 005 | 20211209000816.0 | ||
| 008 | 140308s19611956enk 00000 eng d | ||
| 035 | _a(BD-RjUL)22516 | ||
| 040 |
_cCWR _dOCL _dBD-RjUL _aBD-RjUL _beng |
||
| 041 | _aeng | ||
| 082 |
_a824.91 _bRUF 1961 |
||
| 090 |
_aB1649 _b.R91 1961 |
||
| 100 | 1 | 0 |
_aRussell, Bertrand, _d1872-1970. _969335 |
| 245 | 1 | 0 | _aFact and fiction / |
| 260 |
_aLondon : _bAllen & Unwin, _cc1961. |
||
| 300 |
_a282 p. ; _c22 cm. |
||
| 650 |
_aFilosofie _9712 |
||
| 650 |
_aRussell, Bertrand, 1872-1970 Selected works _969336 |
||
| 942 |
_2ddc _cBK |
||
| 999 |
_c22451 _d22451 |
||